[Event "PRO League Group Stage"]
[Site "chess.com INT"]
[Date "2018.01.18"]
[Round "1"]
[White "Hakobyan, Aram"]
[Black "Stokke, Kjetil"]
[Result "0-1"]
[WhiteTitle "IM"]
[BlackTitle "IM"]
[WhiteElo "2479"]
[BlackElo "2336"]
[WhiteTeam "Armenia Eagles"]
[BlackTeam "Oslo Trolls"]
[WhiteFideId "13306677"]
[BlackFideId "1502964"]
[EventDate "2018.01.18"]

1. c4 g6 2. g3 Bg7 3. Bg2 e5 4. Nc3 Nc6 5. d3 d6 6. Rb1 a5 7. a3 Nf6 8. Nf3 O-O
9. Bg5 h6 10. Bxf6 Bxf6 11. O-O Bg7 12. Nd2 Ne7 13. b4 axb4 14. axb4 c6 15. b5
Be6 16. e4 Kh7 17. Qe2 Ra3 18. Rfc1 Qd7 19. Rb3 Rfa8 20. Rcb1 Rxb3 21. Nxb3 f5
22. bxc6 bxc6 23. h4 f4 24. Nd2 Ng8 25. Nf3 Bg4 26. Qb2 Nf6 27. Ne2 Nh5 28. gxf4
Nxf4 29. Nxf4 exf4 30. Qb7 Ra1 31. Qb3 Rxb1+ 32. Qxb1 c5 33. Qf1 Qe7 34. Qb1
Bxf3 35. Bxf3 Qxh4 36. Qb7 Qf6 37. Kg2 h5 38. Qd5 Kh6 39. Qg8 g5 40. e5 dxe5 41.
Be4 g4 42. Qh7+ Kg5 43. f3 Bh6 44. Qa7 Qd6 45. Qf7 Qf6 46. Qc7 Kh4 47. Qxc5 Qa6
48. Qf2+ g3 49. Qb2 Qa5 50. Bd5 Bf8 51. Kf1 Qa7 52. d4 Qa4 53. Kg2 exd4 54. Qd2
Bd6 55. c5 Be5 56. Qe2 Qb4 57. Bc4 Qxc5 58. Bd3 Qd5 59. Be4 Qb3 60. Bd3 Bf6 61.
Qe6 Qxe6 0-1

[Event "PRO League Group Stage"]
[Site "chess.com INT"]
[Date "2018.01.18"]
[Round "1"]
[White "Yuan, Yuanling"]
[Black "Durarbayli, Vasif"]
[Result "0-1"]
[WhiteTitle "WIM"]
[BlackTitle "GM"]
[WhiteElo "2247"]
[BlackElo "2622"]
[WhiteTeam "Montclair Sopranos"]
[BlackTeam "Webster Windmills"]
[WhiteFideId "8604541"]
[BlackFideId "13402935"]
[EventDate "2018.01.18"]

1. e4 e5 2. Nf3 Nc6 3. Bb5 a6 4. Ba4 Nge7 5. O-O g6 6. c3 b5 7. Bb3 Bg7 8. d4
exd4 9. cxd4 d6 10. Nc3 Na5 11. Bc2 O-O 12. Bg5 h6 13. Bh4 Bg4 14. Qd3 g5 15.
Bg3 Nac6 16. e5 Bf5 17. Qe2 g4 18. Bxf5 gxf3 19. Qe4 Nxf5 20. Qxf5 Nxd4 21. Qg4
dxe5 22. Bxe5 Qg5 23. Qxg5 hxg5 24. Bxc7 Rac8 25. Bd6 Rfe8 26. Nd5 Rc2 27. Ne7+
Kh7 28. gxf3 Nxf3+ 29. Kg2 Nh4+ 30. Kh3 Rxb2 31. f4 Rd2 32. Rad1 Rxd1 33. Rxd1
Ng6 34. Nxg6 Kxg6 35. fxg5 Rd8 36. Rd2 Be5 37. Bb4 Rh8+ 38. Kg4 Rxh2 39. Rxh2
Bxh2 40. Be7 Bc7 41. Bf6 a5 42. Be7 a4 43. Bb4 Bd8 44. Kf4 Bxg5+ 45. Ke4 f5+ 46.
Kd5 Bh4 47. Kc6 f4 48. Kxb5 f3 49. Bc5 a3 50. Ka4 Kf5 51. Kxa3 Be7 52. Kb3 Bxc5 0-1

[Event "PRO League Group Stage"]
[Site "chess.com INT"]
[Date "2018.01.18"]
[Round "1"]
[White "Yuan, Yuanling"]
[Black "Le, Quang Liem"]
[Result "0-1"]
[WhiteTitle "WIM"]
[BlackTitle "GM"]
[WhiteElo "2247"]
[BlackElo "2737"]
[WhiteTeam "Montclair Sopranos"]
[BlackTeam "Webster Windmills"]
[WhiteFideId "8604541"]
[BlackFideId "12401137"]
[EventDate "2018.01.18"]

1. e4 c6 2. d4 d5 3. Nc3 dxe4 4. Nxe4 Bf5 5. Ng3 Bg6 6. h4 h6 7. h5 Bh7 8. Nf3
e6 9. Bd3 Bxd3 10. Qxd3 Bb4+ 11. Bd2 Bxd2+ 12. Qxd2 Nf6 13. O-O-O Nbd7 14. Qb4
Qb6 15. Qd6 O-O-O 16. Rd3 Qc7 17. Qxc7+ Kxc7 18. Re1 Nd5 19. Ne2 Rhe8 20. Ne5
Nxe5 21. dxe5 c5 22. b3 Nb4 23. Rxd8 Rxd8 24. a3 Nc6 25. f4 Nd4 26. Nc3 Kc6 27.
Ne4 a5 28. a4 b6 29. g4 Nf3 30. Re3 Nh2 31. g5 Ng4 32. Rg3 Rd4 33. Rxg4 Rxe4 34.
g6 fxg6 35. Rxg6 Kd5 36. Rxg7 Rxf4 37. Rh7 Rh4 38. Rxh6 Kxe5 39. Rh8 Kd4 40. Kb2
e5 41. Rd8+ Ke3 42. Rd6 Rxh5 43. Rxb6 e4 44. Ra6 Kd2 45. Rxa5 e3 46. Ra8 Rd5 47.
Rh8 e2 48. Rh2 Kd1 49. a5 e1=Q 0-1

[Event "PRO League Group Stage"]
[Site "chess.com INT"]
[Date "2018.01.18"]
[Round "1"]
[White "Thorfinnsson, Bjorn"]
[Black "Moussard, Jules"]
[Result "0-1"]
[WhiteTitle "IM"]
[BlackTitle "GM"]
[WhiteElo "2400"]
[BlackElo "2571"]
[WhiteTeam "Reykjavik Puffins"]
[BlackTeam "Marseille Migraines"]
[WhiteFideId "2300982"]
[BlackFideId "642908"]
[EventDate "2018.01.18"]

1. d4 Nf6 2. Nf3 b6 3. Bg5 e6 4. e3 Bb7 5. Bd3 d6 6. Nbd2 h6 7. Bh4 g5 8. Bg3
Nh5 9. Be4 c6 10. Ng1 Nxg3 11. hxg3 Nd7 12. Ngf3 Bg7 13. c3 Qe7 14. Qa4 d5 15.
Bd3 a6 16. Qb4 Qxb4 17. cxb4 g4 18. Ng1 c5 19. bxc5 bxc5 20. Ne2 cxd4 21. Nxd4
Rc8 22. N2b3 Ne5 23. Be2 Nc4 24. Bxg4 a5 25. Be2 a4 26. Nc1 Nxb2 27. Rb1 a3 28.
Nd3 Nxd3+ 29. Bxd3 Ba8 30. Kd2 O-O 31. Rb3 Rfd8 32. Rxa3 Bf8 33. Rb3 Rc7 34. Rc1
Ra7 35. Bb1 Ra4 36. f4 Ba3 37. Rc7 Bd6 38. Rc1 Ba3 39. Rc7 Bd6 40. Rc1 Kg7 41.
Ke2 Kf6 42. Rb6 Kg7 43. Kf3 Ra3 44. Nb5 d4+ 45. Kg4 Bf8 46. Nxa3 Bxa3 47. Re1
Bxg2 48. exd4 h5+ 49. Kxh5 Bf3+ 0-1

[Event "PRO League Group Stage"]
[Site "chess.com INT"]
[Date "2018.01.18"]
[Round "1"]
[White "Thorfinnsson, Bjorn"]
[Black "Vachier-Lagrave, Maxime"]
[Result "0-1"]
[WhiteTitle "IM"]
[BlackTitle "GM"]
[WhiteElo "2400"]
[BlackElo "2793"]
[WhiteTeam "Reykjavik Puffins"]
[BlackTeam "Marseille Migraines"]
[WhiteFideId "2300982"]
[BlackFideId "623539"]
[EventDate "2018.01.18"]

1. d4 Nf6 2. Nf3 g6 3. Bg5 Bg7 4. e3 O-O 5. Bd3 d6 6. O-O Nbd7 7. Nbd2 h6 8. Bh4
e5 9. c3 Qe7 10. Qc2 c6 11. Rad1 Re8 12. dxe5 Nxe5 13. Nxe5 dxe5 14. Ne4 g5 15.
Bg3 Nd5 16. Nd2 Bg4 17. Rde1 Rad8 18. h3 Be6 19. a3 Qd7 20. Nf3 f6 21. Bh7+ Kh8
22. Bg6 Rf8 23. Rd1 Qc8 24. Rd2 Ne7 25. Re1 Rxd2 26. Nxd2 Nxg6 27. Qxg6 Rd8 28.
Nf1 Qd7 29. Qh5 Qf7 30. Qf3 f5 31. Rd1 Rxd1 32. Qxd1 f4 33. Bh2 Qd7 34. Qxd7
Bxd7 35. e4 h5 36. f3 g4 37. hxg4 hxg4 38. g3 Bh6 39. gxf4 exf4 40. fxg4 Bxg4
41. Kf2 Kg7 42. Nd2 Kf6 43. Nf3 Bh5 44. Ke2 Bg6 45. Kd3 c5 46. c4 a5 47. b3 b6
48. Bg1 Bf8 49. Bf2 Bh5 50. Ke2 Ke6 51. Bh4 Be7 52. Bxe7 Kxe7 53. Kf2 Kf6 54.
Ke2 Ke7 55. Kf2 Ke6 56. Ke2 Kf6 57. Kf2 Bg6 58. Nd2 Ke5 59. Kf3 Bh5+ 60. Kf2 Kd4
61. Ke1 Bg6 62. Nf3+ Kxe4 63. Ng5+ Ke3 64. Ne6 f3 0-1

[Event "PRO League Group Stage"]
[Site "chess.com INT"]
[Date "2018.01.18"]
[Round "1"]
[White "Reimanis, Ritvars"]
[Black "Onischuk, Alexander"]
[Result "1-0"]
[WhiteTitle "FM"]
[BlackTitle "GM"]
[WhiteElo "2335"]
[BlackElo "2681"]
[WhiteTeam "Riga Magicians"]
[BlackTeam "Estonia Horses"]
[WhiteFideId "11602988"]
[BlackFideId "14101025"]
[EventDate "2018.01.18"]

1. d4 Nf6 2. e3 e6 3. f4 c5 4. c3 b6 5. Be2 Bb7 6. Bf3 d5 7. Nd2 Nbd7 8. Nh3 Bd6
9. O-O h6 10. Nc4 Qe7 11. Ne5 a6 12. a4 g5 13. Nf2 Rg8 14. g3 Ne4 15. Nxe4 dxe4
16. Bh5 Bxe5 17. fxe5 Rf8 18. b3 O-O-O 19. Ba3 Nxe5 20. b4 cxd4 21. b5 Qc7 22.
Bxf8 dxe3 23. Qe2 Rxf8 24. bxa6 Bd5 25. Qxe3 Qc5 26. Qxc5+ bxc5 27. Rf6 Kd7 28.
Rxh6 Ke7 29. Be2 c4 30. Rb1 Ra8 31. Rh5 Kf6 32. h4 gxh4 33. Rxh4 Rxa6 34. Rf4+
Ke7 35. Bd1 f5 36. Rh4 Kd6 37. Kf2 Nd3+ 38. Ke3 Bc6 39. Kd4 e5+ 40. Kxc4 Bd5+
41. Kb5 Ra8 42. Rh6+ Be6 43. Bb3 Rb8+ 44. Ka5 Nc5 45. Bxe6 Ra8+ 46. Kb4 Nxe6 47.
Ka3 Ra6 48. Rb5 e3 49. c4 e4 50. Rxf5 e2 51. Rh1 Rc6 52. Rd5+ Ke7 53. Kb4 Rb6+
54. Kc3 Ra6 55. a5 Nc7 56. Re5+ Kd6 57. Rxe4 Rxa5 58. Rh6+ Kd7 59. Rh7+ Kd6 60.
Rxe2 Ra3+ 61. Kb4 Rxg3 62. Rd2+ Kc6 63. Rh6+ Kb7 64. Rd7 Kc8 65. Rf7 1-0

[Event "PRO League Group Stage"]
[Site "chess.com INT"]
[Date "2018.01.18"]
[Round "1"]
[White "Reimanis, Ritvars"]
[Black "Kukk, Sander"]
[Result "0-1"]
[WhiteTitle "FM"]
[WhiteElo "2335"]
[BlackElo "2178"]
[WhiteTeam "Riga Magicians"]
[BlackTeam "Estonia Horses"]
[WhiteFideId "11602988"]
[BlackFideId "4502094"]
[EventDate "2018.01.18"]

1. d4 g6 2. e3 Bg7 3. f4 Nf6 4. Nf3 O-O 5. c3 d5 6. Bd3 b6 7. Qe2 Bb7 8. Nbd2 c5
9. Ne5 e6 10. O-O Nfd7 11. Qg4 f5 12. Qe2 Nf6 13. a4 a6 14. b4 cxb4 15. cxb4
Nbd7 16. Ba3 Re8 17. b5 Nxe5 18. fxe5 Ne4 19. Nxe4 fxe4 20. Bc2 Qd7 21. Bd6 Rec8
22. Rfb1 Bh6 23. Bb4 Rxc2 24. Qxc2 Bxe3+ 25. Kh1 Bxd4 26. Ra3 a5 27. Bd6 Rc8 28.
Qd2 Bc5 29. Bxc5 Rxc5 30. Rf1 d4 31. Qh6 Rc8 32. Rg3 Qg7 33. Qg5 Bd5 34. h4 e3
35. Re1 Qf7 36. h5 Be4 37. hxg6 hxg6 38. Rh3 Qf5 39. Qh6 Bxg2+ 40. Kh2 Bxh3 41.
Rg1 Rc2+ 42. Kg3 Qg4# 0-1

[Event "PRO League Group Stage"]
[Site "chess.com INT"]
[Date "2018.01.18"]
[Round "1"]
[White "Agrest, Inna"]
[Black "Haria, Ravi"]
[Result "1-0"]
[WhiteTitle "WIM"]
[BlackTitle "IM"]
[WhiteElo "2280"]
[BlackElo "2374"]
[WhiteTeam "Stockholm Snowballs"]
[BlackTeam "London Lions"]
[WhiteFideId "1708830"]
[BlackFideId "415820"]
[EventDate "2018.01.18"]

1. e4 e6 2. d4 d5 3. Nc3 dxe4 4. Nxe4 Bd7 5. Bd3 Bc6 6. Nf3 Nd7 7. Qe2 Be7 8. h4
Ngf6 9. Neg5 Bxf3 10. Nxf3 c6 11. Bd2 Qc7 12. O-O-O Nd5 13. g3 h6 14. Kb1 O-O-O
15. Rhe1 Rhe8 16. a3 Bf8 17. c4 N5f6 18. Bc3 Nb6 19. Qc2 Nbd7 20. Bf1 Ng4 21.
Bh3 h5 22. Ng5 Nh6 23. d5 e5 24. dxc6 Qxc6 25. f4 f6 26. Ne4 Ng4 27. Bg2 Qc7 28.
fxe5 Ndxe5 29. c5 Rxd1+ 30. Qxd1 Bxc5 31. Qa4 Rd8 32. Nxc5 Qxc5 33. Bxe5 b5 34.
Qa6+ 1-0

[Event "PRO League Group Stage"]
[Site "chess.com INT"]
[Date "2018.01.18"]
[Round "1"]
[White "Agrest, Inna"]
[Black "Edouard, Romain"]
[Result "0-1"]
[WhiteTitle "WIM"]
[BlackTitle "GM"]
[WhiteElo "2280"]
[BlackElo "2613"]
[WhiteTeam "Stockholm Snowballs"]
[BlackTeam "London Lions"]
[WhiteFideId "1708830"]
[BlackFideId "633429"]
[EventDate "2018.01.18"]

1. e4 c5 2. Nf3 Nc6 3. d4 cxd4 4. Nxd4 e5 5. Nb5 d6 6. N1c3 a6 7. Na3 Be6 8. Nc4
b5 9. Ne3 Nf6 10. a3 g6 11. Be2 Bg7 12. O-O O-O 13. h3 Nd4 14. Qd3 Rc8 15. Rd1
Nd7 16. Ned5 Nc5 17. Qd2 Nxe4 18. Nxe4 Bxd5 19. Nc3 Bb7 20. Bd3 Qd7 21. a4 b4
22. Ne2 Qc6 23. f3 Nxf3+ 24. gxf3 Qxf3 25. Qg5 Qh1+ 26. Kf2 Qxd1 27. Qg1 Qxg1+
28. Nxg1 e4 29. Be2 Rxc2 0-1

[Event "PRO League Group Stage"]
[Site "chess.com INT"]
[Date "2018.01.18"]
[Round "1"]
[White "Dreev, Aleksey"]
[Black "Gorovets, Andrey"]
[Result "0-1"]
[WhiteTitle "GM"]
[BlackTitle "GM"]
[WhiteElo "2653"]
[BlackElo "2517"]
[WhiteTeam "San Diego Surfers"]
[BlackTeam "Dallas Destiny"]
[WhiteFideId "4100107"]
[BlackFideId "13504037"]
[EventDate "2018.01.18"]

1. d4 d6 2. Nf3 Nf6 3. g3 g6 4. Bg2 Bg7 5. O-O O-O 6. b3 c5 7. c4 Nc6 8. Bb2
cxd4 9. Nxd4 Bd7 10. Nc3 Qa5 11. e3 Rfc8 12. Qe2 Rab8 13. Rfd1 Bg4 14. f3 Bd7
15. h3 a6 16. Rac1 Kf8 17. f4 Nxd4 18. exd4 b5 19. Re1 Qd8 20. Kh2 bxc4 21. bxc4
Bc6 22. d5 Be8 23. Nd1 Rc7 24. Bc3 Rcb7 25. Ne3 Nd7 26. Qd2 Nc5 27. f5 Bxc3 28.
Qxc3 f6 29. Re2 g5 30. h4 gxh4 31. g4 Rb1 32. g5 Rxc1 33. Qxc1 Nd3 34. Qa3 Ne5
35. gxf6 exf6 36. c5 dxc5 37. Qxc5+ Kg7 38. d6 Qb6 39. Qc7+ Bd7 40. Nc4 Nxc4 41.
Qxd7+ Kh6 42. Re6 Qd4 43. Re4 Qxd6+ 44. Qxd6 Nxd6 45. Rxh4+ Kg5 46. Rxh7 Nxf5
47. Bd5 Rb2+ 48. Kg1 Ne3 49. Bb3 f5 50. Ra7 f4 51. Rg7+ Kh4 52. Re7 Kg3 53. Rg7+
Ng4 0-1

[Event "PRO League Group Stage"]
[Site "chess.com INT"]
[Date "2018.01.18"]
[Round "1"]
[White "Dreev, Aleksey"]
[Black "Moradiabadi, Elshan"]
[Result "1-0"]
[WhiteTitle "GM"]
[BlackTitle "GM"]
[WhiteElo "2653"]
[BlackElo "2528"]
[WhiteTeam "San Diego Surfers"]
[BlackTeam "Dallas Destiny"]
[WhiteFideId "4100107"]
[BlackFideId "12501255"]
[EventDate "2018.01.18"]

1. d4 d5 2. Nf3 Nf6 3. c4 e6 4. Nc3 a6 5. cxd5 exd5 6. Bf4 Bd6 7. Bxd6 Qxd6 8.
Qc2 O-O 9. e3 b6 10. Rd1 Bb7 11. Bd3 c5 12. dxc5 Qxc5 13. O-O Nbd7 14. Bf5 Rfd8
15. Rd2 Nf8 16. Rfd1 g6 17. Bh3 Re8 18. Qb3 b5 19. a3 Ne4 20. Rd3 Nf6 21. Qb4
Qxb4 22. axb4 Ne6 23. Bxe6 fxe6 24. Ne5 Rac8 25. Ne2 Rc2 26. R3d2 Rec8 27. f3
Kf8 28. Rxc2 Rxc2 29. Nd4 Rxb2 30. Rc1 Ke7 31. Rc7+ Kd6 32. Rxb7 Rb1+ 33. Kf2
Rb2+ 34. Kf1 Rb1+ 35. Ke2 Kxe5 36. Rb6 1-0

[Event "PRO League Group Stage"]
[Site "chess.com INT"]
[Date "2018.01.18"]
[Round "1"]
[White "Dudukin, Ilya"]
[Black "Salomon, Johan"]
[Result "0-1"]
[WhiteTitle "FM"]
[BlackTitle "GM"]
[WhiteElo "2396"]
[BlackElo "2476"]
[WhiteTeam "Volga Stormbringers"]
[BlackTeam "Norway Gnomes"]
[WhiteFideId "4148576"]
[BlackFideId "1509500"]
[EventDate "2018.01.18"]

1. Nf3 Nf6 2. c4 b6 3. Nc3 Bb7 4. d4 e6 5. a3 d5 6. cxd5 Nxd5 7. Qc2 Be7 8. e4
Nxc3 9. bxc3 O-O 10. Bd3 c5 11. O-O Qc7 12. Qb1 Rd8 13. Rd1 Nd7 14. a4 Rac8 15.
Ra2 h6 16. h3 Bd6 17. e5 Be7 18. Nh2 cxd4 19. cxd4 Qc6 20. f4 Nf8 21. Be3 Qd5
22. Nf3 Rc3 23. Rb2 Bc6 24. f5 exf5 25. Bd2 Ra3 26. Rc1 Ne6 27. Be3 f4 28. Bf2
Ng5 29. Bc4 Nxf3+ 30. gxf3 Qxf3 31. d5 Bxd5 32. Bxd5 Qxd5 33. Qf5 g6 34. Qg4 h5
35. Qg2 f3 36. Qg3 Rd3 37. Kh2 Ba3 38. e6 Bd6 0-1

[Event "PRO League Group Stage"]
[Site "chess.com INT"]
[Date "2018.01.18"]
[Round "1"]
[White "Dudukin, Ilya"]
[Black "Carlsen, Magnus"]
[Result "0-1"]
[WhiteTitle "FM"]
[BlackTitle "GM"]
[WhiteElo "2396"]
[BlackElo "2834"]
[WhiteTeam "Volga Stormbringers"]
[BlackTeam "Norway Gnomes"]
[WhiteFideId "4148576"]
[BlackFideId "1503014"]
[EventDate "2018.01.18"]

1. Nf3 d5 2. d4 a6 3. a4 Bf5 4. g3 e6 5. Bg2 Nf6 6. O-O h6 7. Nbd2 c5 8. c4 Nc6
9. cxd5 exd5 10. dxc5 Bxc5 11. Nb3 Ba7 12. Nbd4 Nxd4 13. Nxd4 Be4 14. b3 O-O 15.
Bb2 Re8 16. Rc1 Rc8 17. e3 Qd7 18. Qe2 Bb6 19. Rfd1 Rxc1 20. Rxc1 Rc8 21. Qd1
Bxg2 22. Kxg2 Rxc1 23. Qxc1 Bxd4 24. Bxd4 Ne4 25. Qb2 Ng5 26. Qe2 Qh3+ 27. Kg1
h5 28. Bc5 Qg4 29. Qxg4 hxg4 30. Bb4 Kh7 31. h4 gxh3 32. Kh2 Kg6 33. f4 Nf3+ 34.
Kxh3 Kf5 35. Kg2 Ke4 36. Kf2 g6 37. Ba5 d4 38. Bb6 d3 39. Ba5 Nh2 40. Bb6 Ng4+
41. Ke1 Nxe3 42. Kf2 d2 0-1

[Event "PRO League Group Stage"]
[Site "chess.com INT"]
[Date "2018.01.18"]
[Round "1"]
[White "Meskovs, Nikita"]
[Black "Onischuk, Alexander"]
[Result "1/2-1/2"]
[WhiteTitle "GM"]
[BlackTitle "GM"]
[WhiteElo "2546"]
[BlackElo "2681"]
[WhiteTeam "Riga Magicians"]
[BlackTeam "Estonia Horses"]
[WhiteFideId "11602740"]
[BlackFideId "14101025"]
[EventDate "2018.01.18"]

1. d4 Nf6 2. c4 e6 3. Nf3 d5 4. g3 Be7 5. Bg2 O-O 6. O-O dxc4 7. Ne5 Nc6 8. Bxc6
bxc6 9. Nxc6 Qe8 10. Nxe7+ Qxe7 11. Qc2 e5 12. dxe5 Qxe5 13. Bf4 Qh5 14. f3 Qc5+
15. Kg2 Nd5 16. Nd2 Nxf4+ 17. gxf4 Qe3 18. Nxc4 Qxf4 19. Qc1 Qh4 20. Kh1 Re8 21.
e4 f5 22. Nd2 fxe4 23. Qc4+ Be6 24. Qxe4 Qh6 25. Rf2 Bxa2 26. Qc2 Bd5 27. Qxc7
Rab8 28. Ne4 Rb7 29. Qd6 Bxe4 30. Qxh6 Bxf3+ 31. Rxf3 gxh6 32. Rg1+ Kh8 33. Ra3
Ree7 34. Rc3 Rb8 35. Rc6 Reb7 36. Ra6 Re8 37. Rg2 Re1+ 38. Rg1 Re2 39. Rc6 Re8
40. Ra6 Rg8 41. Rxg8+ Kxg8 42. b4 h5 43. Kg2 Kf8 44. Kh3 Ke8 45. b5 Kd8 46. Kh4
Kc8 47. Ra5 Kc7 48. Ra6 Kb8 49. Ra5 Rd7 50. Kxh5 Kb7 51. Ra6 Rd5+ 52. Kh6 Rxb5
53. Ra2 a5 54. Kxh7 Kb6 55. Kg6 Rb4 56. Kg5 Kb5 57. h4 Rb1 58. h5 Rg1+ 59. Kf6
Rh1 60. Kg6 Rg1+ 61. Kf6 Rh1 62. Kg6 Rg1+ 63. Kf6 Rh1 64. Kg6 Rg1+ 65. Kf6 Rh1
66. Kg6 1/2-1/2

[Event "PRO League Group Stage"]
[Site "chess.com INT"]
[Date "2018.01.18"]
[Round "1"]
[White "Meskovs, Nikita"]
[Black "Kukk, Sander"]
[Result "1-0"]
[WhiteTitle "GM"]
[WhiteElo "2546"]
[BlackElo "2178"]
[WhiteTeam "Riga Magicians"]
[BlackTeam "Estonia Horses"]
[WhiteFideId "11602740"]
[BlackFideId "4502094"]
[EventDate "2018.01.18"]

1. d4 g6 2. Nf3 Bg7 3. Bf4 Nf6 4. c3 O-O 5. Nbd2 d5 6. h3 c6 7. e3 Qb6 8. Qb3
Bf5 9. g4 Be4 10. Be2 Nbd7 11. O-O Bxf3 12. Bxf3 Qxb3 13. axb3 h6 14. c4 Rfe8
15. Ra5 g5 16. Bg3 e6 17. b4 a6 18. Rfa1 Rac8 19. b3 Bf8 20. c5 Bg7 21. Rd1 e5
22. Bg2 exd4 23. exd4 Ne4 24. Bxe4 dxe4 25. Nc4 Nf6 26. Nd6 Nd5 27. Nxb7 Re6 28.
Nd6 Ra8 29. Nf5 Nxb4 30. Bd6 Ra7 31. Ne3 Rb7 32. d5 cxd5 33. Nxd5 Nxd5 34. Rxd5
Rxb3 35. c6 e3 36. fxe3 Rbxe3 37. Rd1 Rc3 38. c7 Rxd6 39. Rxd6 Rxc7 40. Raxa6
Rc1+ 41. Kf2 Rc2+ 42. Kf1 Rc1+ 43. Ke2 Rc2+ 44. Kd1 Rc3 45. Rd7 Rf3 46. Ke2 Rf4
47. Ra5 Bf8 48. Ra8 Kg7 49. Rdd8 Bc5 50. Rg8+ Kf6 51. Ra6+ Ke5 52. Rxh6 f6 53.
Re8+ Kd5 54. Rh7 Rf2+ 55. Ke1 Rf3 56. Rd7+ Kc6 57. Rh7 Kd5 58. Kd2 Rf2+ 59. Re2
Rf4 60. Rd7+ Bd6 61. Re3 Kc6 62. Rd8 Be5 63. Ke2 Ra4 64. Red3 Kc7 65. R3d7+ Kc6
66. Rd2 Kc7 67. R8d3 Re4+ 68. Kf3 Rc4 69. Rd7+ Kc6 70. Rd8 Kc7 71. R2d7+ Kc6 72.
Rc8+ Kxd7 73. Rxc4 Ke6 74. Ke4 1-0

[Event "PRO League Group Stage"]
[Site "chess.com INT"]
[Date "2018.01.18"]
[Round "1"]
[White "Iturrizaga Bonelli, Eduardo"]
[Black "Saric, Ivan"]
[Result "0-1"]
[WhiteTitle "GM"]
[BlackTitle "GM"]
[WhiteElo "2650"]
[BlackElo "2664"]
[WhiteTeam "Miami Champions"]
[BlackTeam "Montreal Chessbrahs"]
[WhiteFideId "3901211"]
[BlackFideId "14508150"]
[EventDate "2018.01.18"]

1. c4 g6 2. Nc3 Bg7 3. g3 c5 4. Bg2 Nc6 5. Nh3 d6 6. Nf4 Nf6 7. a3 h5 8. h4 O-O
9. e3 Bg4 10. Qa4 Bd7 11. Qc2 Rb8 12. Rb1 Ne5 13. d3 Bc6 14. e4 a6 15. b4 b5 16.
cxb5 axb5 17. O-O e6 18. Rd1 Qe7 19. Bb2 Nfg4 20. Qe2 Qa7 21. Rbc1 Rfc8 22. Nb1
Ba8 23. Nc3 Nxf2 24. Nxb5 Rxb5 25. Kxf2 cxb4+ 26. d4 Rxc1 27. Rxc1 Ng4+ 28. Kf1
Rb8 29. axb4 Bxd4 30. Ra1 Qb6 0-1

[Event "PRO League Group Stage"]
[Site "chess.com INT"]
[Date "2018.01.18"]
[Round "1"]
[White "Iturrizaga Bonelli, Eduardo"]
[Black "Hambleton, Aman"]
[Result "1-0"]
[WhiteTitle "GM"]
[BlackTitle "IM"]
[WhiteElo "2650"]
[BlackElo "2501"]
[WhiteTeam "Miami Champions"]
[BlackTeam "Montreal Chessbrahs"]
[WhiteFideId "3901211"]
[BlackFideId "2606577"]
[EventDate "2018.01.18"]

1. Nf3 d5 2. c4 d4 3. b4 a5 4. b5 c5 5. e3 g6 6. exd4 Bg7 7. Na3 Nh6 8. Rb1 cxd4
9. d3 Nd7 10. Be2 O-O 11. Nxd4 Nc5 12. Nb3 Na4 13. Bxh6 Bxh6 14. Qc2 Bg7 15. d4
e5 16. Nd2 exd4 17. Qxa4 d3 18. Bf3 Re8+ 19. Kd1 Qd4 20. h3 Bf5 21. Rb3 Rad8 22.
Qxa5 Ra8 23. Qb4 Bf8 24. Qc3 Qxc3 25. Rxc3 Bxa3 26. Bxb7 Ra4 27. Bc6 Rb8 28. g4
Be6 29. Rxd3 Bb4 30. a3 Bxa3 31. Kc2 Bc5 32. Bd5 Bd7 33. Ne4 Be7 34. Rb1 Kf8 35.
b6 f5 36. gxf5 gxf5 37. Nc3 Ra5 38. b7 Bc5 39. f4 Ke7 40. Re1+ Kf6 41. Bf3 Be6
42. Bd5 Bd7 43. Rd2 Bb4 44. Rde2 Ra3 45. Re3 Bc5 46. Rd3 Bb4 47. Rb1 Bc5 48. Nb5
Ra5 49. Nd4 Ra2+ 50. Rb2 Ra1 51. Nc6 Bxc6 52. Bxc6 Ke7 53. Rb5 Bd6 54. Rxf5 Ra2+
55. Kb1 Rf2 56. Re3+ Kd8 57. Rf7 Be7 58. Rexe7 1-0

[Event "PRO League Group Stage"]
[Site "chess.com INT"]
[Date "2018.01.18"]
[Round "1"]
[White "Izoria, Zviad"]
[Black "Dragun, Kamil"]
[Result "1-0"]
[WhiteTitle "GM"]
[BlackTitle "GM"]
[WhiteElo "2599"]
[BlackElo "2610"]
[WhiteTeam "San Jose Hackers"]
[BlackTeam "Rio Grande Ospreys"]
[WhiteFideId "13601733"]
[BlackFideId "1134167"]
[EventDate "2018.01.18"]

1. Nf3 Nf6 2. c4 b6 3. Nc3 Bb7 4. d4 e6 5. Bg5 Bb4 6. Nd2 h6 7. Bh4 c5 8. d5
exd5 9. cxd5 O-O 10. e4 Re8 11. Be2 g5 12. Bg3 Bxc3 13. bxc3 Nxe4 14. Nxe4 Rxe4
15. O-O d6 16. Bd3 Re8 17. Qh5 Qf6 18. f4 Bxd5 19. fxg5 Qxg5 20. Qxg5+ hxg5 21.
Rf5 Be6 22. Rxg5+ Kh8 23. Rf1 Rg8 24. Rh5+ Kg7 25. Bxd6 1-0

[Event "PRO League Group Stage"]
[Site "chess.com INT"]
[Date "2018.01.18"]
[Round "1"]
[White "Izoria, Zviad"]
[Black "Kambrath, Yannick"]
[Result "1-0"]
[WhiteTitle "GM"]
[BlackTitle "FM"]
[WhiteElo "2599"]
[BlackElo "2342"]
[WhiteTeam "San Jose Hackers"]
[BlackTeam "Rio Grande Ospreys"]
[WhiteFideId "13601733"]
[BlackFideId "20632525"]
[EventDate "2018.01.18"]

1. c4 Nf6 2. Nc3 c5 3. g3 e6 4. Nf3 b6 5. Bg2 Bb7 6. O-O Be7 7. Re1 O-O 8. e4 d6
9. d4 cxd4 10. Nxd4 Qc8 11. Be3 a6 12. Rc1 Nbd7 13. f4 Qc7 14. g4 Nc5 15. Bf2 g6
16. b4 Ncd7 17. Nd5 Qd8 18. Nxe7+ Qxe7 19. e5 dxe5 20. fxe5 Bxg2 21. exf6 Nxf6
22. Kxg2 Qxb4 23. Qf3 Nd7 24. Nc6 Qd6 25. Rcd1 Qc7 26. Bg3 e5 27. Nxe5 Nxe5 28.
Bxe5 Qc8 29. Qf6 Qxg4+ 30. Kh1 1-0

[Event "PRO League Group Stage"]
[Site "chess.com INT"]
[Date "2018.01.18"]
[Round "1"]
[White "Nilsen, Joachim Birger"]
[Black "Hakobyan, Aram"]
[Result "1/2-1/2"]
[WhiteTitle "IM"]
[BlackTitle "IM"]
[WhiteElo "2413"]
[BlackElo "2479"]
[WhiteTeam "Oslo Trolls"]
[BlackTeam "Armenia Eagles"]
[WhiteFideId "1506331"]
[BlackFideId "13306677"]
[EventDate "2018.01.18"]

1. c4 Nf6 2. Nc3 c5 3. g3 e6 4. Nf3 b6 5. Bg2 Bb7 6. O-O Be7 7. d4 Ne4 8. Nxe4
Bxe4 9. Be3 O-O 10. Qd2 Nc6 11. Rfd1 cxd4 12. Nxd4 Bxg2 13. Kxg2 Qc8 14. Rac1
Nxd4 15. Bxd4 Qc6+ 16. f3 Rfd8 17. Bf2 Bc5 18. e4 Rac8 19. Bxc5 Qxc5 20. Rc3 Qe7
21. Qd4 Rc7 22. Rcd3 Rdc8 23. b3 h6 24. R3d2 Kf8 25. Qe5 f6 26. Qh5 Rc5 27. Qg6
R5c7 28. Rd6 Qe8 29. Qg4 Qe7 30. R1d2 Rb7 31. Qg6 Rc6 32. Rxc6 dxc6 33. Qh7 Rd7
34. Rxd7 Qxd7 35. Qh8+ Kf7 36. Qa8 Kg6 37. h4 Kh7 38. h5 c5 39. Qf8 e5 40. g4
Qd2+ 41. Kg3 Qe1+ 42. Kg2 Qe2+ 43. Kg3 Qe1+ 44. Kg2 Qd2+ 45. Kg3 Qd7 46. Kg2 a6
47. a4 Qd2+ 48. Kg3 Qd7 49. Kg2 Qd2+ 50. Kg3 Qe1+ 51. Kg2 Qd2+ 52. Kg3 Qd7 53.
Kg2 1/2-1/2